[Event "ROM-ch Amateurs"]
[Site "Sebes"]
[Date "2023.02.22"]
[Round "3"]
[White "Lupu, Ovidiu Jean"]
[Black "Rusu, Adrian"]
[Result "1-0"]
[WhiteElo "2061"]
[BlackElo "1768"]
[PlyCount "83"]
[EventDate "2023.02.21"]
[EventType "swiss"]
[EventRounds "9"]
[EventCountry "ROU"]
[SourceTitle "CBM 213 Extra"]
[Source "ChessBase"]
[SourceDate "2023.05.31"]
[SourceVersion "1"]
[SourceVersionDate "2023.05.31"]
[SourceQuality "1"]

1. b3 Nf6 2. Bb2 g6 3. Bxf6 exf6 4. d4 f5 5. g3 Bg7 6. e3 c5 7. c3 cxd4 8. cxd4 0-0 9. Bg2 Nc6 10. Ne2 b6 11. h4 Ba6 12. 0-0 Rc8 13. Nbc3 Na5 14. Qd2 Bb7 15. Nd5 Bxd5 16. Bxd5 Qe7 17. Rac1 Qd6 18. Bg2 Rfe8 19. Nf4 Bf8 20. Nd5 Nc6 21. Nf4 h6 22. Rc4 Ne5 23. Rc2 Ng4 24. Qd3 Nf6 25. Rfc1 Rxc2 26. Qxc2 g5 27. hxg5 hxg5 28. Ne2 Qe6 29. Bh3 Ne4 30. Qc4 Bd6 31. Qd3 g4 32. Bg2 Ng5 33. Kf1 Nf3 34. Bxf3 gxf3 35. Ng1 Qd5 36. Qd1 Qb5+ 37. Rc4 Bxg3 38. Qxf3 d5 39. Qxg3+ Kf8 40. Qd6+ Re7 41. a4 Qxb3 42. Qh6+ 1-0

[Event "ROM-ch Amateurs"]
[Site "Sebes"]
[Date "2023.02.21"]
[Round "1"]
[White "Lupu, Ovidiu Jean"]
[Black "Marius, Andra Beatrice"]
[Result "1-0"]
[WhiteElo "2061"]
[BlackElo "1347"]
[PlyCount "117"]
[EventDate "2023.02.21"]
[EventType "swiss"]
[EventRounds "9"]
[EventCountry "ROU"]
[SourceTitle "CBM 213 Extra"]
[Source "ChessBase"]
[SourceDate "2023.05.31"]
[SourceVersion "1"]
[SourceVersionDate "2023.05.31"]
[SourceQuality "1"]

1. f4 d5 2. Nf3 e6 3. e3 c5 4. b3 Nc6 5. Bb2 Nf6 6. Be2 d4 7. exd4 cxd4 8. Bb5 Bc5 9. Ne5 Bd7 10. Nxd7 Qxd7 11. Qf3 Rc8 12. Na3 Qd5 13. Qxd5 Nxd5 14. g3 0-0 15. Kd1 Rfd8 16. Bd3 a6 17. f5 e5 18. Be4 Nf6 19. Re1 Re8 20. c3 dxc3 21. dxc3 Ng4 22. Re2 Red8+ 23. Ke1 Bf2+ 24. Kf1 Bc5 25. Nc2 Rd6 26. h3 Nf6 27. Bxc6 Rcxc6 28. Rxe5 Rd2 29. Re2 Rxe2 30. Kxe2 Ne4 31. Kf3 Nf2 32. Nd4 Bxd4 33. cxd4 Nxh3 34. Rc1 Rxc1 35. Bxc1 h6 36. Be3 Ng5+ 37. Bxg5 hxg5 38. Kg4 f6 39. Kh5 Kf7 40. g4 a5 41. a4 b6 42. d5 Ke7 43. Kg6 Kd6 44. Kxg7 Kxd5 45. Kxf6 Kc5 46. Kxg5 Kb4 47. f6 Kxb3 48. f7 Kxa4 49. f8Q b5 50. Kf4 b4 51. Ke4 Kb3 52. Kd3 a4 53. g5 a3 54. g6 a2 55. Qf6 Ka3 56. g7 b3 57. g8Q b2 58. Qa6+ Kb4 59. Qgc4# 1-0

[Event "NATO-ch 27th"]
[Site "Shrivenham"]
[Date "2016.08.24"]
[Round "4"]
[White "Helbig, Mark"]
[Black "Lupu, Ovidiu Jean"]
[Result "1-0"]
[WhiteElo "2311"]
[BlackElo "2151"]
[PlyCount "105"]
[EventDate "2016.08.22"]
[EventType "swiss"]
[EventRounds "7"]
[EventCountry "ENG"]
[SourceTitle "EXT 2018"]
[Source "ChessBase"]
[SourceDate "2017.10.13"]
[SourceVersion "1"]
[SourceVersionDate "2017.10.13"]
[SourceQuality "1"]

1. c4 e6 2. Nc3 f5 3. g3 Nf6 4. Bg2 Be7 5. e3 0-0 6. Nge2 d6 7. d4 c6 8. b4 a5 9. b5 d5 10. c5 b6 11. cxb6 cxb5 12. Nxb5 Qxb6 13. Nbc3 Bd7 14. Rb1 Qc7 15. 0-0 Na6 16. Bb2 Rab8 17. Qd2 Rfc8 18. Rfc1 Qd8 19. Nf4 Nb4 20. a3 Na6 21. Bf1 Nc7 22. f3 g5 23. Nd3 g4 24. fxg4 Nxg4 25. h3 Nf6 26. Ne5 Be8 27. Bd3 Ne4 28. Qe2 Bd6 29. Kh2 Rb3 30. Nxe4 dxe4 31. Bc4 Rb6 32. Bc3 Rxb1 33. Rxb1 Nd5 34. Bxd5 exd5 35. Qd2 Bxa3 36. Bxa5 Qd6 37. Bb4 Bxb4 38. Rxb4 Rc2 39. Qxc2 Qxb4 40. Qf2 Kg7 41. h4 Qf8 42. Qa2 Qb4 43. Qa7+ Kg8 44. Qa8 Qd2+ 45. Kh3 Kf8 46. Qd8 Qb4 47. Qf6+ Kg8 48. Qg5+ Kh8 49. Qxf5 Qe7 50. h5 Kg7 51. Kg4 h6 52. Kf4 Qd8 53. Ng4 1-0

[Event "ROM-ch"]
[Site "Olanesti"]
[Date "2016.04.06"]
[Round "5"]
[White "Banzea, Alexandru Bogdan"]
[Black "Lupu, Ovidiu Jean"]
[Result "1-0"]
[WhiteElo "2258"]
[BlackElo "2145"]
[PlyCount "85"]
[EventDate "2016.04.02"]
[EventType "swiss"]
[EventRounds "9"]
[EventCountry "ROU"]
[SourceTitle "CBM 171 Extra"]
[Source "ChessBase"]
[SourceDate "2016.04.26"]
[SourceVersion "1"]
[SourceVersionDate "2016.04.26"]
[SourceQuality "1"]

1. e4 c5 2. Nf3 e6 3. d4 cxd4 4. Nxd4 Nf6 5. Nc3 Bb4 6. e5 Nd5 7. Qg4 g6 8. Qg3 Nc6 9. Nxc6 dxc6 10. Bd2 Qa5 11. Ne4 Bxd2+ 12. Nxd2 b6 13. a3 h5 14. h4 Ba6 15. c4 Ne7 16. b4 Qa4 17. Qc3 Bb7 18. Ne4 Nf5 19. Bd3 c5 20. Bc2 Qc6 21. b5 Qc7 22. Nd6+ Ke7 23. Bxf5 gxf5 24. 0-0-0 a6 25. Qd2 Rhg8 26. Qh6 Rg6 27. Qh7 Kf8 28. Rh3 axb5 29. cxb5 Bxg2 30. Rhd3 Bd5 31. Rg3 Rxg3 32. fxg3 Qa7 33. Rd3 c4 34. Rc3 Qc7 35. Kd2 Qa7 36. Ke3 Qc7 37. Kf4 Qa7 38. a4 Qd7 39. a5 bxa5 40. b6 a4 41. Qh8+ Ke7 42. Qg7 Re8 43. Qxf7+ 1-0

[Event "ROM-ch"]
[Site "Olanesti"]
[Date "2016.04.05"]
[Round "4"]
[White "Lupu, Ovidiu Jean"]
[Black "Afloarei, Jenica"]
[Result "1-0"]
[WhiteElo "2145"]
[BlackElo "1774"]
[PlyCount "55"]
[EventDate "2016.04.02"]
[EventType "swiss"]
[EventRounds "9"]
[EventCountry "ROU"]
[SourceTitle "CBM 171 Extra"]
[Source "ChessBase"]
[SourceDate "2016.04.26"]
[SourceVersion "1"]
[SourceVersionDate "2016.04.26"]
[SourceQuality "1"]

1. f4 e5 2. fxe5 d6 3. Nf3 dxe5 4. e4 Bc5 5. Bc4 Nf6 6. d3 h6 7. Qe2 Nc6 8. Bb5 Qe7 9. Be3 Bxe3 10. Bxc6+ bxc6 11. Qxe3 Ng4 12. Qd2 f5 13. Nc3 0-0 14. h3 Nf6 15. 0-0-0 f4 16. Ne2 Rb8 17. Qc3 Re8 18. g3 Ba6 19. Rh2 g5 20. gxf4 gxf4 21. Rg1+ Kh7 22. Rhg2 Rb5 23. Nfd4 Rc5 24. Qa3 Bc8 25. b4 Bxh3 26. Rh2 Bg4 27. bxc5 Qd7 28. Nf5 1-0

[Event "ROM-ch"]
[Site "Olanesti"]
[Date "2016.04.04"]
[Round "3"]
[White "Pop, Alexandru"]
[Black "Lupu, Ovidiu Jean"]
[Result "1-0"]
[WhiteElo "2286"]
[BlackElo "2145"]
[PlyCount "81"]
[EventDate "2016.04.02"]
[EventType "swiss"]
[EventRounds "9"]
[EventCountry "ROU"]
[SourceTitle "CBM 171 Extra"]
[Source "ChessBase"]
[SourceDate "2016.04.26"]
[SourceVersion "1"]
[SourceVersionDate "2016.04.26"]
[SourceQuality "1"]

1. e4 g6 2. d4 Bg7 3. Nf3 d6 4. Be2 e5 5. 0-0 Nh6 6. dxe5 dxe5 7. Qxd8+ Kxd8 8. Bxh6 Bxh6 9. Nxe5 Ke7 10. Nc3 c6 11. Rad1 Bg7 12. Nf3 Bxc3 13. bxc3 Nd7 14. Rfe1 Nc5 15. Nd4 Be6 16. Nxe6 fxe6 17. f3 Rhd8 18. Kf2 Na4 19. c4 Nc3 20. Rxd8 Rxd8 21. Bd3 Kd6 22. Ke3 Kc5 23. a3 Rf8 24. f4 Na4 25. g4 Kd6 26. h4 e5 27. f5 Nc5 28. Rf1 Ke7 29. g5 Rg8 30. Be2 Rd8 31. Rh1 Rd4 32. Bd3 Kf7 33. h5 gxf5 34. exf5 h6 35. gxh6 Rd6 36. f6 Nxd3 37. h7 Rd8 38. Rd1 e4 39. cxd3 Rh8 40. dxe4 Ke6 41. e5 1-0

[Event "ROM-ch"]
[Site "Olanesti"]
[Date "2016.04.03"]
[Round "2"]
[White "Marin, Mihail"]
[Black "Lupu, Ovidiu Jean"]
[Result "1/2-1/2"]
[WhiteElo "2584"]
[BlackElo "2145"]
[PlyCount "120"]
[EventDate "2016.04.02"]
[EventType "swiss"]
[EventRounds "9"]
[EventCountry "ROU"]
[SourceTitle "CBM 171 Extra"]
[Source "ChessBase"]
[SourceDate "2016.04.26"]
[SourceVersion "1"]
[SourceVersionDate "2016.04.26"]
[SourceQuality "1"]

1. d4 d5 2. c4 e6 3. Nf3 c6 4. Nbd2 f5 5. g3 Nf6 6. Bg2 Bd6 7. 0-0 0-0 8. b3 Nbd7 9. Bb2 b6 10. Ne5 Bb7 11. Ndf3 Qe7 12. Rc1 Rac8 13. Qd3 Ne4 14. Nxd7 Qxd7 15. Ne5 Qe7 16. Rfd1 Rfd8 17. e3 Ba6 18. Qe2 Bxe5 19. dxe5 dxc4 20. bxc4 c5 21. f3 Ng5 22. h3 Rxd1+ 23. Rxd1 Rd8 24. Rxd8+ Qxd8 25. g4 g6 26. Kh2 Qd7 27. h4 Nf7 28. gxf5 gxf5 29. Qc2 Qc7 30. Kh3 Bb7 31. Qd3 Bc6 32. a3 Qd7 33. Qxd7 Bxd7 34. Kg3 Kg7 35. Bf1 h5 36. Kf4 Kh6 37. Bc1 Nh8 38. e4 Ng6+ 39. Kg3+ Kh7 40. exf5 exf5 41. f4 Be6 42. Bd3 Ne7 43. Bd2 a5 44. Kf3 Kg6 45. Ke3 Kh6 46. Be2 Ng6 47. Be1 Nf8 48. Kd3 Bd7 49. Bf2 Ne6 50. Kc3 Bc6 51. Be3 Kg6 52. Bd1 Kh6 53. Bc2 Kg6 54. Bb1 Bd7 55. Bd3 Bc6 56. Bf1 Be4 57. Kb3 Kh6 58. Kc3 Kg6 59. Be2 Bc6 60. Bd1 Kh6 1/2-1/2

[Event "Romanian op"]
[Site "Alba Iulia"]
[Date "2016.03.20"]
[Round "6"]
[White "Lupu, Ovidiu Jean"]
[Black "Banzea, Alexandru Bogdan"]
[Result "0-1"]
[WhiteElo "2192"]
[BlackElo "2268"]
[PlyCount "62"]
[EventDate "2016.03.16"]
[EventType "swiss"]
[EventRounds "9"]
[EventCountry "ROU"]
[SourceTitle "CBM 171 Extra"]
[Source "ChessBase"]
[SourceDate "2016.04.26"]
[SourceVersion "1"]
[SourceVersionDate "2016.04.26"]
[SourceQuality "1"]

1. d4 Nf6 2. Nf3 g6 3. Bf4 Bg7 4. e3 d6 5. Be2 0-0 6. h3 Nbd7 7. 0-0 c5 8. c3 b6 9. a4 a6 10. Nbd2 Bb7 11. Bh2 Ra7 12. Qb1 Qa8 13. Re1 Ne4 14. Bf1 Rc8 15. Qa2 Ndf6 16. Qb3 Bd5 17. Qd1 Bh6 18. Qe2 b5 19. Nxe4 Nxe4 20. Nd2 Nxd2 21. Qxd2 cxd4 22. Qxd4 Bg7 23. Qd2 Bc4 24. Ra3 Bxf1 25. Rxf1 Rc4 26. Rfa1 b4 27. cxb4 Rac7 28. Rb3 Rc2 29. Qd1 Bxb2 30. Rxb2 Rxb2 31. b5 axb5 0-1

[Event "Romanian op"]
[Site "Alba Iulia"]
[Date "2016.03.19"]
[Round "4"]
[White "Ognean, Mihnea Ionut"]
[Black "Lupu, Ovidiu Jean"]
[Result "0-1"]
[WhiteElo "2143"]
[BlackElo "2192"]
[PlyCount "78"]
[EventDate "2016.03.16"]
[EventType "swiss"]
[EventRounds "9"]
[EventCountry "ROU"]
[SourceTitle "CBM 171 Extra"]
[Source "ChessBase"]
[SourceDate "2016.04.26"]
[SourceVersion "1"]
[SourceVersionDate "2016.04.26"]
[SourceQuality "1"]

1. e4 c6 2. d4 g6 3. Nc3 Bg7 4. Be3 d5 5. e5 f6 6. f4 Qb6 7. Qc1 Nh6 8. Nf3 0-0 9. h3 fxe5 10. fxe5 Nf5 11. Rb1 Ng3 12. Rg1 Bxh3 13. gxh3 Rxf3 14. Bg2 Rxe3+ 15. Qxe3 Nf5 16. Qf2 Nxd4 17. Kd1 Nf5 18. Qxb6 axb6 19. Re1 e6 20. Bf3 Nd7 21. Bg4 Bxe5 22. Bxf5 gxf5 23. Ne2 Rxa2 24. Nc1 Ra4 25. Nd3 Re4 26. Rxe4 dxe4 27. Nxe5 Nxe5 28. Ra1 Nd7 29. Ra7 Kf7 30. Rxb7 Ke7 31. h4 h5 32. Rc7 Kd6 33. Rc8 f4 34. Ke2 f3+ 35. Ke3 Nf6 36. c4 Ke5 37. Rxc6 Ng4+ 38. Kd2 e3+ 39. Ke1 f2+ 0-1

[Event "ROM-ch"]
[Site "Targu Mures"]
[Date "2014.04.29"]
[Round "5"]
[White "Timpau, Vasile"]
[Black "Lupu, Ovidiu Jean"]
[Result "0-1"]
[WhiteElo "1627"]
[BlackElo "2196"]
[PlyCount "110"]
[EventDate "2014.04.26"]
[EventType "swiss"]
[EventRounds "11"]
[EventCountry "ROU"]
[SourceTitle "CBM 160 Extra"]
[Source "ChessBase"]
[SourceDate "2014.07.01"]
[SourceVersion "1"]
[SourceVersionDate "2014.07.01"]
[SourceQuality "1"]

1. e4 c6 2. d4 d5 3. e5 g6 4. h3 Bg7 5. Bd3 Nh6 6. f4 Nf5 7. Bxf5 Bxf5 8. Be3 Qb6 9. b3 f6 10. Qd2 Nd7 11. Nc3 Qa6 12. Nge2 0-0 13. 0-0 Be6 14. Ng3 Bf7 15. Nce2 Rfd8 16. c3 Rac8 17. exf6 exf6 18. f5 c5 19. fxg6 hxg6 20. Bh6 Bh8 21. Be3 Qe6 22. Rae1 Qc6 23. Bf2 b6 24. Nf4 cxd4 25. Bxd4 Ne5 26. Nd3 Qd6 27. Nxe5 fxe5 28. Bf2 Rc7 29. Rc1 Rdc8 30. Ne2 Bg7 31. Be3 Kh7 32. Rfd1 b5 33. b4 d4 34. cxd4 Rxc1 35. Rxc1 Rxc1+ 36. Nxc1 exd4 37. Bf2 Bh6 38. Qd1 Qxb4 39. Ne2 Bxa2 40. Bxd4 a6 41. Bc3 Qb1 42. Qxb1 Bxb1 43. Bb4 Be3+ 44. Kh2 Bb6 45. Nc3 Bd3 46. Nd5 Bd8 47. Kg1 Bc4 48. Ne3 Bb6 49. Kf2 a5 50. Bd2 b4 51. Ke1 Bb3 52. Nd1 Bc5 53. Nb2 Bc2 54. Bc1 a4 55. Ke2 a3 0-1

[Event "ROM-ch"]
[Site "Targu Mures"]
[Date "2014.04.28"]
[Round "4"]
[White "Fugulyan, Grigore"]
[Black "Lupu, Ovidiu Jean"]
[Result "1-0"]
[WhiteElo "1931"]
[BlackElo "2196"]
[PlyCount "64"]
[EventDate "2014.04.26"]
[EventType "swiss"]
[EventRounds "11"]
[EventCountry "ROU"]
[SourceTitle "CBM 160 Extra"]
[Source "ChessBase"]
[SourceDate "2014.07.01"]
[SourceVersion "1"]
[SourceVersionDate "2014.07.01"]
[SourceQuality "1"]

1. d4 b5 2. e4 Bb7 3. f3 a6 4. Bd3 e6 5. Ne2 c5 6. c3 Nc6 7. a3 d5 8. Be3 dxe4 9. fxe4 cxd4 10. cxd4 Nf6 11. Ng3 Be7 12. 0-0 0-0 13. e5 Nd5 14. Qh5 g6 15. Qh6 f5 16. exf6 Bxf6 17. Bxg6 Qe7 18. Nh5 Bh8 19. Bxh7+ Qxh7 20. Qxe6+ Rf7 21. Qxd5 Ne5 22. Rxf7 Qxb1+ 23. Rxb1 Bxd5 24. Rf5 Be4 25. Rg5+ Ng6 26. Rf1 Rf8 27. Rxf8+ Kxf8 28. Ng3 Bd3 29. b4 Bf6 30. Rc5 Ne7 31. Kf2 Kf7 32. Ne2 Bc4 1-0

[Event "ROM-ch"]
[Site "Baile Olanesti"]
[Date "2013.02.22"]
[Round "9"]
[White "Mihailov, Iulian"]
[Black "Lupu, Ovidiu Jean"]
[Result "1-0"]
[WhiteElo "2112"]
[BlackElo "2265"]
[PlyCount "57"]
[EventDate "2013.02.16"]
[EventType "swiss"]
[EventRounds "11"]
[EventCountry "ROU"]
[SourceTitle "CBM 153 Extra"]
[Source "ChessBase"]
[SourceDate "2013.04.22"]
[SourceVersion "1"]
[SourceVersionDate "2013.04.22"]
[SourceQuality "1"]

1. e4 c6 2. d4 d5 3. exd5 cxd5 4. Bd3 Nc6 5. c3 g6 6. Bf4 Bg7 7. Nf3 Nh6 8. 0-0 f6 9. h3 0-0 10. c4 Nf7 11. cxd5 Nb4 12. Bc4 Nd6 13. Bb3 g5 14. Bg3 g4 15. hxg4 Bxg4 16. Nc3 Bh6 17. a3 Na6 18. Re1 Kh8 19. Qe2 Rf7 20. Bxd6 exd6 21. Ng5 Bxg5 22. Qxg4 Bd2 23. Re2 Rg7 24. Qf3 Bg5 25. Rae1 Nc7 26. Ne4 Nb5 27. Qd3 a6 28. Ng3 Qc7 29. a4 1-0

[Event "ROM-ch"]
[Site "Baile Olanesti"]
[Date "2013.02.19"]
[Round "5"]
[White "Doncea, Vladimir"]
[Black "Lupu, Ovidiu Jean"]
[Result "1-0"]
[WhiteElo "2431"]
[BlackElo "2265"]
[PlyCount "161"]
[EventDate "2013.02.16"]
[EventType "swiss"]
[EventRounds "11"]
[EventCountry "ROU"]
[SourceTitle "CBM 153 Extra"]
[Source "ChessBase"]
[SourceDate "2013.04.22"]
[SourceVersion "1"]
[SourceVersionDate "2013.04.22"]
[SourceQuality "1"]

1. c4 e5 2. g3 Nf6 3. Bg2 d5 4. cxd5 Nxd5 5. Nc3 Nb6 6. Nf3 Nc6 7. 0-0 Be7 8. Rb1 0-0 9. b4 a6 10. b5 axb5 11. Rxb5 Be6 12. Nxe5 Nxe5 13. Rxe5 c6 14. Re4 Nd5 15. Bb2 Nxc3 16. Bxc3 Bxa2 17. Qc2 Bf6 18. Rb4 Bxc3 19. dxc3 Qe7 20. Qb2 Qc5 21. Ra1 Bd5 22. Rxa8 Rxa8 23. Rxb7 h6 24. Rb8+ Rxb8 25. Qxb8+ Kh7 26. Qb4 Qa7 27. Bxd5 Qa1+ 28. Kg2 cxd5 29. e4 Qa8 30. Kf3 g6 31. Qd4 dxe4+ 32. Qxe4 Qc8 33. c4 Qh3 34. Ke3 Qf1 35. Qc2 Qe1+ 36. Kd3 Qe5 37. h4 Kg8 38. Qc3 Qf5+ 39. Ke3 Qe6+ 40. Kd2 Qf5 41. Qd4 Qa5+ 42. Ke2 Qa2+ 43. Kf3 Qb3+ 44. Kg2 h5 45. Qe4 Qa4 46. Qd5 Qb3 47. Qa8+ Kg7 48. c5 Qc4 49. Qc6 Qd4 50. Kg1 Qa1+ 51. Kh2 Qd4 52. Kg2 Kf8 53. Qa8+ Kg7 54. Qa3 Qd5+ 55. Kg1 Qd1+ 56. Kh2 Qc2 57. Qa1+ Kf8 58. Qd4 Ke8 59. Kg2 Qf5 60. Kf1 Qe6 61. Qd3 Ke7 62. Qd4 Qa6+ 63. Ke1 Qa5+ 64. Ke2 Qa6+ 65. Kf3 Ke6 66. Qe4+ Kd7 67. Qd5+ Ke7 68. Qe5+ Kd7 69. Qd4+ Ke7 70. Kf4 f6 71. Qe4+ Kf7 72. Qd5+ Ke7 73. Kf3 Qa3+ 74. Kg2 Qa6 75. c6 Qc8 76. Qc5+ Ke6 77. Qb6 Ke7 78. Kh2 Qf5 79. Kg1 g5 80. Qc7+ Ke8 81. Qb8+ 1-0

[Event "ROM-ch"]
[Site "Baile Olanesti"]
[Date "2013.02.16"]
[Round "1"]
[White "Gavrilescu, David"]
[Black "Lupu, Ovidiu Jean"]
[Result "1-0"]
[WhiteElo "1873"]
[BlackElo "2265"]
[PlyCount "95"]
[EventDate "2013.02.16"]
[EventType "swiss"]
[EventRounds "11"]
[EventCountry "ROU"]
[SourceTitle "CBM 153 Extra"]
[Source "ChessBase"]
[SourceDate "2013.04.22"]
[SourceVersion "1"]
[SourceVersionDate "2013.04.22"]
[SourceQuality "1"]

1. d4 b5 2. e4 Bb7 3. Bxb5 Bxe4 4. Nf3 e6 5. c4 Nf6 6. Nc3 Bb7 7. 0-0 Be7 8. Qe2 0-0 9. Rd1 d6 10. Bg5 Nbd7 11. Ba4 Rb8 12. Bc2 Bxf3 13. Qxf3 Rxb2 14. Bb3 Qb8 15. Bc1 Rxb3 16. axb3 Qxb3 17. Nd5 Qxc4 18. Nxe7+ Kh8 19. Bg5 Ne8 20. Qc6 Nb6 21. Qxc4 Nxc4 22. Rxa7 f6 23. Be3 Rf7 24. Nc6 g5 25. Rb1 d5 26. Rb8 Ncd6 27. Bd2 Kg7 28. Bb4 Kg6 29. Nd8 Re7 30. Nb7 Rd7 31. Nxd6 Nxd6 32. Bxd6 Rxd6 33. Rxc7 Kf5 34. f3 h5 35. Rf7 Ra6 36. h4 gxh4 37. Rh8 h3 38. Rxh5+ Kg6 39. Rhh7 Ra1+ 40. Kh2 hxg2 41. Kxg2 Rd1 42. Kg3 e5 43. Rfg7+ Kf5 44. Rh5+ Ke6 45. Ra7 Rxd4 46. Ra6+ Kf7 47. Rf5 Rd3 48. Rfxf6+ 1-0

[Event "ROM-chTA"]
[Site "Olanesti"]
[Date "2012.10.13"]
[Round "8.4"]
[White "Busu, Corneliu"]
[Black "Lupu, Ovidiu Jean"]
[Result "1-0"]
[WhiteElo "2277"]
[BlackElo "2284"]
[PlyCount "101"]
[EventDate "2012.10.06"]
[EventType "team-tourn"]
[EventRounds "9"]
[EventCountry "ROU"]
[SourceTitle "CBM 150 Extra"]
[Source "ChessBase"]
[SourceDate "2012.10.19"]
[SourceVersion "1"]
[SourceVersionDate "2012.10.19"]
[SourceQuality "1"]
[WhiteTeam "Resita Muncitorul"]
[BlackTeam "Cugir CSO"]
[WhiteTeamCountry "ROU"]
[BlackTeamCountry "ROU"]

1. d4 g6 2. c4 Bg7 3. Nc3 c5 4. d5 Bxc3+ 5. bxc3 f5 6. Nf3 Qa5 7. Qc2 Nf6 8. Bh6 Rg8 9. e3 d6 10. h3 Nbd7 11. Bf4 Ne4 12. Rc1 Ndf6 13. Ng5 Nxg5 14. Bxg5 Ne4 15. h4 Bd7 16. Bd3 Nf6 17. Bxf6 exf6 18. h5 0-0-0 19. hxg6 hxg6 20. Rh6 Rde8 21. g3 Re7 22. Kd2 Kc7 23. Rb1 Be8 24. Qb2 Kc8 25. Rbh1 Rgg7 26. Rh8 Qd8 27. Bc2 Qd7 28. Qa3 a6 29. Rf8 Rgf7 30. Rhh8 Rxf8 31. Rxf8 Rf7 32. Ba4 Rxf8 33. Bxd7+ Bxd7 34. Qa5 Rd8 35. Qb6 Ba4 36. Ke2 Rd7 37. Qa5 Bc2 38. f3 f4 39. gxf4 Bf5 40. e4 Bh3 41. Qb6 Kb8 42. Kf2 Kc8 43. e5 fxe5 44. fxe5 Bf5 45. e6 Rd8 46. e7 Re8 47. Qxd6 Bb1 48. Qxc5+ Kd7 49. d6 Bxa2 50. Qc7+ Ke6 51. d7 1-0

[Event "ROM-chTA"]
[Site "Olanesti"]
[Date "2012.10.10"]
[Round "5.4"]
[White "Petrescu, Cristian"]
[Black "Lupu, Ovidiu Jean"]
[Result "1-0"]
[WhiteElo "2039"]
[BlackElo "2284"]
[PlyCount "100"]
[EventDate "2012.10.06"]
[EventType "team-tourn"]
[EventRounds "9"]
[EventCountry "ROU"]
[SourceTitle "CBM 150 Extra"]
[Source "ChessBase"]
[SourceDate "2012.10.19"]
[SourceVersion "1"]
[SourceVersionDate "2012.10.19"]
[SourceQuality "1"]
[WhiteTeam "Giurgiu"]
[BlackTeam "Cugir CSO"]
[WhiteTeamCountry "ROU"]
[BlackTeamCountry "ROU"]

1. e4 d6 2. d4 Nf6 3. Nc3 e5 4. Nf3 exd4 5. Nxd4 Be7 6. f3 0-0 7. Be3 Re8 8. Qd2 Nc6 9. 0-0-0 a6 10. Nxc6 bxc6 11. Bc4 Be6 12. Bxe6 fxe6 13. Qe2 d5 14. Na4 Qb8 15. Bc5 Qb5 16. Qxb5 axb5 17. Bxe7 Rxe7 18. Nc5 Rxa2 19. Kb1 Ra8 20. Rhe1 Kf7 21. Re3 e5 22. c3 g5 23. Rde1 Rae8 24. Kc2 dxe4 25. fxe4 Kg6 26. Rf1 Rd8 27. Ref3 Rd6 28. Nb7 Nxe4 29. Nxd6 cxd6 30. Rf8 d5 31. Rg8+ Kh5 32. Rff8 Nd6 33. Rf3 g4 34. Rf6 Rd7 35. h3 g3 36. Rxg3 e4 37. Rg8 e3 38. Kd1 e2+ 39. Kxe2 Ne4 40. Rf4 Re7 41. Kd1 Re6 42. g3 Rg6 43. Rf5+ Kh6 44. Rxg6+ hxg6 45. Rf3 Kg5 46. Ke2 c5 47. Rd3 Nf6 48. Rd1 Kf5 49. Kf3 g5 50. Re1 g4+ 1-0